Teoria da literatura na escola (Record no. 61072)

MARC details
000 -LÍDER
campo de controle de tamanho fixo 00363 a2200169 4500
001 - NÚMERO DE CONTROLE
campo de controle 61072
020 ## - ISBN - INTERNATIONAL STANDARD BOOK NUMBER
ISBN - International Standard Book Number
040 ## - FONTE DA CATALOGAÇÃO
Instituição que transcreveu o registro Anchieta - Pituba
100 ## - ENTRADA PRINCIPAL--NOME PESSOAL
Nome pessoal Paulino, Graça
240 10 - TÍTULO UNIFORME
Título uniforme Teoria da literatura na escola
Idioma da obra por
245 10 - TÍTULO
Título Teoria da literatura na escola
300 ## - DESCRIÇÃO FÍSICA
Extensão 120
362 0# - DATAS DE PUBLICAÇÃO E/OU DESIGNAÇÃO SEQUENCIAL
Datas de publicação e/ou designação sequencial 1994
440 #1 - DECLARAÇÃO DE SÉRIE/ENTRADA ADICIONADA--TÍTULO
Título
650 #4 - ASSUNTO--TERMO TÓPICO
Cabeçalho tópico ou nome geográfico LITERATURA
942 ## - ELEMENTOS DE ENTRADA ADICIONADOS (KOHA)
Tipo de material Koha Livros
Holdings
Situação do descarte Situação das perdas Situação física Não pode ser emprestado Biblioteca de origem Biblioteca atual Data de aquisição Total de empréstimos Número de chamada completo Código de barras Data de último acesso Data do preço efetivo Tipo de material Koha
        Colégio Anchieta - Pituba Colégio Anchieta - Pituba 21/11/2023   800 T314t TEO 12956/PIT 21/11/2023 21/11/2023 Livros